| 000 | 00626nam a2200217Ia 4500 | ||
|---|---|---|---|
| 003 | OSt | ||
| 005 | 20230703143043.0 | ||
| 008 | 210423s9999 xx 000 0 und d | ||
| 040 | _cAL | ||
| 041 | _aeng | ||
| 082 |
_a361.3 _223 _bJOSS |
||
| 100 |
_aJOSEPH (George);GEORGE (P O) _9120661 |
||
| 245 | _aSocial work education emerging concerns | ||
| 260 |
_aKerala _bRajagiri College of social sciences _c2011 |
||
| 300 |
_a180 _bPB |
||
| 365 |
_b150 _cINR |
||
| 650 |
_aSocial Problems & Services _9120662 |
||
| 650 |
_aSocial Work _9120663 |
||
| 906 | _aconcerns ; education ; emerging ; Social ; work | ||
| 942 |
_2ddc _cBK |
||
| 999 |
_c175970 _d175970 |
||